000 01182cab a2200289 4500
001 L136173
008 070116n2007 000 0 eng u
035 _a(Sirsi) u136173
041 0 _aeng
100 1 _aWiggins, Jane
245 0 0 _aHow to succeed in the information age
260 _c2007
490 0 _aFacilities Management
_v14(4) January 2007, 12-14(3)
520 _aDiscusses how facilities managers should collect, analyse and use the different types of information available, manage the flow of data and put practice IT solutions. Discusses new developments in IT and new legislation applying to IT.
590 _aKA
650 2 4 _aHEALTH AND SAFETY (DISPLAY SCREEN EQUIPMENT) REGULATIONS 1992
650 2 4 _aMANUAL HANDLING OPERATIONS REGULATIONS 1992
650 2 4 _aPROVISION AND USE OF WORK EQUIPMENT REGULATIONS 1998
650 2 4 _aMANAGEMENT OF HEALTH & SAFETY AT WORK REGULATIONS 1999
650 2 4 _aCOMPUTER MISUSE ACT 1990
650 2 4 _aDATA PROTECTION ACT 1998
650 2 4 _aFREEDOM OF INFORMATION ACT 2000
651 4 _aUnited Kingdom
_y
690 _aMANAGEMENT-FACILITIES MANAGEMENT
690 _aIMANAGEMENT-NFORMATION MANAGEMENT
942 _n0
999 _c78166
_d78166